Vivarthanathinte Bhashassastra Bhumika (Record no. 64812)

MARC details
000 -LEADER
fixed length control field 00455nam a2200133Ia 4500
008 - FIXED-LENGTH DATA ELEMENTS--GENERAL INFORMATION
fixed length control field 211109s9999||||xx |||||||||||||| ||und||
082 ## - DEWEY DECIMAL CLASSIFICATION NUMBER
Classification number 894.812
Item number PRA-V
100 ## - MAIN ENTRY--PERSONAL NAME
Personal name Prabodachandran, V R
245 #0 - TITLE STATEMENT
Title Vivarthanathinte Bhashassastra Bhumika
260 ## - PUBLICATION, DISTRIBUTION, ETC.
Name of publisher, distributor, etc. Unknown Publisher
Place of publication, distribution, etc. No Place
Date of publication, distribution, etc. 2012
630 ## - SUBJECT ADDED ENTRY--UNIFORM TITLE
General subdivision general stack
650 ## - SUBJECT ADDED ENTRY--TOPICAL TERM
Topical term or geographic name entry element Literature & rhetoric
942 ## - ADDED ENTRY ELEMENTS (KOHA)
Koha item type BOOK
650 ## - SUBJECT ADDED ENTRY--TOPICAL TERM
Form subdivision Literatures of other languages
General subdivision Altaic, Uralic, Hyperborean & Dravidian Generalia
Holdings
Withdrawn status Lost status Source of classification or shelving scheme Damaged status Not for loan Home library Current library Date acquired Cost, normal purchase price Total Checkouts Full call number Barcode Shelving location Date last seen Date last checked out Price effective from Koha item type
    Dewey Decimal Classification     SB LIBRARY SB LIBRARY 09/11/2021 100.00 2 894.81209 PRA-V 00048571 GENERAL STACK 18/01/2024 05/01/2024 09/11/2021 BOOK

Powered by Koha